000 01382nam a2200241Ia 4500
003 OSt
005 20210603122835.0
008 210310s1985 ck gr 000 0 spa d
020 _a9586010422
040 _aCO-JMCR
_cCO-JMCR
041 0 _aspa
082 0 4 _a333.31 /
_bT686p
_223
100 1 _aToro Agudelo, Hernán,
_915866
_eautor
245 1 3 _aEl problema social agrario en Colombia :
_bel pensamiento liberal en la solución del problema agrario /
_cHernán Toro Agudelo
250 _aPrimera edición
260 _aBogotá :
_bTercer Mundo,
_c1985
300 _a435 páginas ;
_c21 cm.
505 0 _aPlanteamiento y soluciones del problema agrario -- Mensaje al congreso del ministro de agricultura -- Explicaciones al texto de los decretos reglamentarios -- Creación del instituto colombiano agropecuario ICA -- Proyectos de ley de Toro Agudelo -- Selección de editoriales de Hernán Toro Agudelo en el periódico El Diario, sobre la cuestión agraria -- Ponencia de Hernán Toro Agudelo en la Cámara de Representantes por medio del cual se archivo el proyecto de Ley del "MRL" sobre reforma agraria -- Semblanza de Hernán Toro Agudelo -- Noticia biográfica por Jaime Sierra García
650 1 4 _aReforma agraria
_915868
_zColombia
650 2 4 _aAgricultura y Estado
_zColombia
_938086
650 2 4 _aDerecho agrario
_xLegislación
_zColombia
_938087
942 _2ddc
_cBK
999 _c7936
_d7936